| 000 | nam a22 a 4500 | ||
|---|---|---|---|
| 999 |
_c4125 _d4125 |
||
| 003 | AKMAL | ||
| 005 | 20170525112630.0 | ||
| 008 | 170525s1989 xxu 00 eng d | ||
| 020 |
_a0813382203: _cUSD 66.50 |
||
| 020 | _a0813300177 | ||
| 040 |
_aAKMAL _cAKMAL |
||
| 043 | _aaw----- | ||
| 082 | 0 | 4 | _a915.6 HEL |
| 090 |
_a915.6 _bHEL d |
||
| 100 | 1 |
_aHeld, Colbert C. _98085 |
|
| 245 | 1 | 0 |
_aMiddle East patterns : _bplaces, peoples, and politics / _cColbert C. Held, with the assistance of Mildred McDonald Held |
| 260 |
_aBoulder, CO : _bWestview Press, _c1989 |
||
| 300 |
_axix, 484p. : _bill., maps ; _c26cm |
||
| 500 | _aIncludes index | ||
| 504 | _aBibliography: p.439-452 | ||
| 651 |
_aMiddle East _xGeography _98086 |
||
| 700 | 1 |
_aHeld, Mildred M. _98087 |
|
| 942 |
_2ddc _cBOOK |
||